PERSPECTIVES ON LEARNING DISABILITIES IN INDIA (Record no. 17798)

MARC details
000 -LEADER
fixed length control field 00246nam a22001097a 4500
003 - CONTROL NUMBER IDENTIFIER
control field SGT
082 ## - DEWEY DECIMAL CLASSIFICATION NUMBER
Classification number 370
Item number THA
100 ## - MAIN ENTRY--PERSONAL NAME
Personal name THAPA, KOMILLA
245 ## - TITLE STATEMENT
Title PERSPECTIVES ON LEARNING DISABILITIES IN INDIA
260 ## - PUBLICATION, DISTRIBUTION, ETC. (IMPRINT)
Place of publication, distribution, etc USA
Name of publisher, distributor, etc 2008
Year of Publication 295
942 ## - ADDED ENTRY ELEMENTS (KOHA)
Source of classification or shelving scheme Dewey Decimal Classification
Koha item type Books
Holdings
Withdrawn status Lost status Source of classification or shelving scheme Damaged status Not for loan Collection code Home library Current library Date acquired SGTU Full call number Accession No. (Barcode) Date last seen Bill Date Koha item type
    Dewey Decimal Classification     EDUCATION SGT Engineering Library SGT Engineering Library 18/04/2019 SGTU 370 THA ED4259 18/04/2019 18/04/2019 Books